Statistics for 2018 Broadway Musicals

Click here to take the quiz!

General Stats

  • This quiz has been taken 124 times
    (94 since last reset)
  • The average score is 9 of 27

Answer Stats

HintAnswer% Correct
Richard Rodgers TheatreHamilton
90%
Gershwin TheatreWicked
71%
Music Box TheatreDear Evan Hansen
68%
Minskoff TheatreThe Lion King
66%
Majestic TheatreThe Phantom Of The Opera
66%
August Wilson TheatreMean Girls
54%
New Amsterdam TheatreAladdin
53%
Brooks Atkinson TheatreWaitress
46%
Ambassador TheatreChicago
45%
St. James TheatreFrozen
44%
Eugene O'Neill TheatreBook of Mormon
43%
Broadhurst TheatreAnastasia
34%
Gerald Schoenfeld TheatreCome From Away
34%
Neil Simon TheatreCats
33%
Al Hirschfeld TheatreKinky Boots
29%
Circle In The Square TheatreOnce On This Island
29%
Winter Garden TheatreSchool Of Rock
26%
Shubert TheatreHello, Dolly!
21%
Vivian Beaumont TheatreMy Fair Lady
19%
Imperial TheatreCarousel
18%
Stephen Sondheim TheatreBeautiful: The Carole King Musical
15%
Palace TheatreSpongeBob SquarePants
15%
Lunt-Fontanne TheatreSummer: The Donna Summer Musical
10%
Ethel Barrymore TheatreThe Band's Visit
8%
Broadway TheatreMiss Saigon
6%
Marquis TheatreEscape to Margaritaville
5%
Longacre TheatreA Bronx Tale
4%

Score Distribution

Percentile by Number Answered

Percent of People with Each Score

Your Score History

You have not taken this quiz since the last reset